000 00489nam a2200181Ia 4500
005 20250317122930.0
008 008 250317s9999 xx 000 0 eng d
037 _aTextbook
040 _aFMSL
_beng
_cFMSL
041 _aeng
_2eng
084 _aX:8 N6
_qFMSL
100 _aPelz D C
_9735394
245 0 _aScientists in organisations
260 _aNY
_bNY, John Wiley
_c1966
300 _a318p
942 _cTB
_hX:8 N6
999 _c1249197
_d1249197